书目信息 |
| 题名: |
戊戌维新运动史论集
|
|
| 作者: | 胡绳武 主编 | |
| 分册: | ||
| 出版信息: | 长沙 湖南人民出版社 1983.8 |
|
| 页数: | 394 | |
| 开本: | 21cm | |
| 丛书名: | ||
| 单 册: | ||
| 中图分类: | K256.5 | |
| 科图分类: | ||
| 主题词: | 戊戌变法 | |
| 电子资源: | ||
| ISBN: | ||
| 000 | 00543nam0 2200193 45 | |
| 001 | 0181011091 | |
| 005 | 20051108152945.67 | |
| 010 | @dCNY1.60 | |
| 091 | @a11109.216 | |
| 100 | @a20810111d km y0chiy0120 ea | |
| 101 | 0 | @achi |
| 200 | 1 | @a戊戌维新运动史论集@Awu xu bian fa yun dong shi lun wen ji@f胡绳武主编@FHu Sheng Wu Zhu Bian |
| 210 | @a长沙@c湖南人民出版社@d1983.8 | |
| 215 | @a394@d21cm | |
| 606 | 0 | @a戊戌变法 |
| 690 | @aK256.5@v3 | |
| 701 | 0 | @a胡绳武@4主编 |
| 801 | @aCN@bTSTC@c20051108 | |
| 905 | @dK256.5@f1@b92869@e8@b177771@f1 | |
| 戊戌维新运动史论集/胡绳武主编.-长沙:湖南人民出版社,1983.8 |
| 394;21cm |
| ISBN :CNY1.60 |
| ● |
| 相关链接 |
|
|
|
|
正题名:戊戌维新运动史论集
索取号:K256.5/8
 
预约/预借
| 序号 | 登录号 | 条形码 | 馆藏地/架位号 | 状态 | 备注 |
| 1 | 0092868 | 001285246 | 密集书库/ [索取号:K256.5/8] | 在馆 | |
| 2 | 0092869 | 001285237 | 第二借阅区/ [索取号:K256.5/8] | 在馆 | |
| 3 | 0092870 | 001285228 | 第二样本阅览室/ [索取号:K256.5/8] | 在馆 | |
| 4 | 0177770 | 202142056 | 密集书库/ [索取号:K256.5/8] | 在馆 | |
| 5 | 0177771 | 000564892 | 第二借阅区/ [索取号:K256.5/8] | 在馆 |